Constitution of the State of Louisiana of 1974 current through ...

Detalles Bibliográficos
Autor Corporativo: Louisiana. Legislature. House of Representatives
Formato: Desconocido
Lenguaje:inglés
Publicado: Baton Rouge, La. : Louisiana House of Representatives
Materias:
Acceso en línea:Acceso restringido

MARC

LEADER 00000ny a22000003n 4500
005 20110510100928.0
008 940722c lauar s0 a0eng c
010 |a 95644768 
022 0 |a 1085-8903 
035 |a 1336 
040 |a LNL-L  |c LNL-L  |d vlex 
050 0 0 |a KFL401 1974  |b .A36 
050 0 0 |a KFL401 1974  |b .A36 
082 0 0 |a 342.763/023  |a 347.630223  |2 20 
090 |c 1486  |d 1486 
245 3 0 |a Constitution of the State of Louisiana of 1974  |h [Recurso electrn̤ico]  |b current through ... 
246 3 3 |a Louisiana Constitution 
256 |a Servicio en ln̕ea 
260 |a Baton Rouge, La. :  |b Louisiana House of Representatives 
310 |a Anual 
650 0 4 |a Constituciones  |z Louisiana 
710 1 |a Louisiana.  |b Legislature.  |b House of Representatives 
740 0 |a vLex Revista (Servicios en ln̕ea) 
843 |a Electrn̤ica. Cerrada. 
853 |8 1  |i (year)  |j (month)  |k (day) 
856 4 0 |z Acceso restringido  |u http://vlex.com/source/lousana-constitution-1336 
942 |c REV 
999 0 |a Constitutions  |z Louisiana.